[Event "Shropshire Minor"]
[Site "Telford"]
[Date "2024.01.14"]
[Round "4.1"]
[White "Brims, Alex"]
[Black "Gretton, Margaret"]
[Result "1-0"]
[WhiteElo "1433"]
[BlackElo "1485"]
[Annotator "Van Kemenade, Rudy"]
[PlyCount "31"]
[EventDate "2024.01.12"]
[EventType "swiss"]
[EventRounds "5"]
[EventCountry "ENG"]
[SourceTitle "BritBase"]
[Source "John Saunders"]
[SourceDate "2024.04.05"]
[SourceVersion "1"]
[SourceVersionDate "2024.04.05"]
[SourceQuality "1"]

1. e4 e5 2. f4 Nc6 (2... exf4) (2... d5) (2... Bc5 {main lines}) 3. Bc4 (3. Nf3
{main}) 3... Bc5 4. Nf3 d6 5. Nc3 (5. c3) 5... Nf6 6. d3 Bg4 7. Nd5 (7. Na4 {
62 % for Wh}) 7... Nd4 (7... Nxd5 8. Bxd5 Nd4 9. h4 c6 10. Bb3 exf4 11. Bxf4
Qf6 (11... Bxf3 12. gxf3 Qf6 $19 {SF16}) 12. Bg5 Nxf3+ 13. gxf3 Qxf3 14. Qxf3
Bxf3 15. Bxf7+ {Nielsen-Jessen, Politiken cup 1999,1/2-1/2}) (7... Bb4+ 8. c3
Ba5 9. b4 Bb6 10. Nxb6 axb6 $16 {11-0-2}) 8. Rf1 (8. c3 Nxf3+ 9. gxf3 Nxd5 10.
h4 Nxc3 11. bxc3 Be6 $17 {SF16}) 8... c6 (8... Nxd5 9. exd5 Nxf3+ 10. gxf3 Bh3
$19 {SF16}) 9. Ne3 Bxf3 (9... Nxf3+ 10. gxf3 Bh3 11. fxe5 dxe5 12. Nf5 g6 $19 {
SF16}) 10. Rxf3 Nxf3+ 11. Qxf3 exf4 12. Qxf4 Bxe3 (12... d5 13. exd5 O-O $19 {
SF16}) 13. Bxe3 d5 14. exd5 Nxd5 15. Qf2 Nxe3 $2 (15... O-O $19) 16. Qxf7# 1-0

[Event "Shropshire Minor"]
[Site "Telford"]
[Date "2024.01.14"]
[Round "4.2"]
[White "Jones, Andrew"]
[Black "Kornilovich, Gregory"]
[Result "1-0"]
[WhiteElo "1459"]
[BlackElo "1130"]
[Annotator "Van Kemenade, Rudy"]
[PlyCount "94"]
[EventDate "2024.01.12"]
[EventType "swiss"]
[EventRounds "5"]
[EventCountry "ENG"]
[SourceTitle "BritBase"]
[Source "John Saunders"]
[SourceDate "2024.04.05"]
[SourceVersion "1"]
[SourceVersionDate "2024.04.05"]
[SourceQuality "1"]

1. e4 e5 2. Nf3 Nc6 3. Bb5 d6 4. h3 (4. d4 {main}) 4... a6 5. Ba4 Bd7 6. O-O (
6. c3) 6... Nf6 7. Re1 Be7 8. c3 O-O 9. d3 (9. d4 {main}) 9... Qc8 (9... b5) (
9... h6 {main lines}) 10. Kh2 $14 {1-1-3} (10. Nbd2 {9-1-2.} Bxh3 {is no real
threat} 11. gxh3 Qxh3 12. Nh2 {is simplest, keeps the N from g4 & allows the Q
to come across} (12. Nf1 Ng4 13. N3h2 Nxf2 14. Kxf2 Bh4+ 15. Kg1 Bxe1 16. Qxe1
f5 17. Qg3 $18 {Maggiolo-Fratti, Buenos Aires ch women 2008,1-0})) 10... h6
$146 {SF16} 11. Be3 b5 12. Bb3 Be6 13. Nbd2 Rd8 14. d4 exd4 (14... Bxb3 15.
axb3 exd4 16. Nxd4 Nxd4 17. cxd4 c5 18. d5 $14 {SF16}) 15. cxd4 d5 16. e5 $16
Nh7 17. Nf1 Na5 18. Bc2 $18 Nc4 19. Qd3 (19. Bc1) 19... Nf8 20. Rab1 c5 21.
dxc5 (21. Bf4) 21... Bxc5 (21... d4 22. Bxd4 Bxc5 23. b4 Nxe5 24. Rxe5 Bd6 25.
Ng3 Bxe5 26. Nxe5 Rxd4 27. Qxd4 Qxc2 $11 {SF16}) 22. Bxc5 Qxc5 23. Nd4 $18 {
Bl has an inferior B & an isolated QP. Also Wh can easily advance pawns on the
K side} g6 24. Nxe6 {but this gets rid of a major Bl weakness} (24. f4 Re8 25.
Ng3 Qe7 26. Re2 f5 27. b3 Na3 28. Rd1 b4 29. Red2 Nb5 30. Nxb5 axb5 31. Bb1 Nd7
32. Qxb5 $18 {SF16- the other N can also get to d4}) 24... Nxe6 $11 25. Ng3 $2
(25. Qg3 Qd4 26. b3 Na3 27. Rbd1 Qf4 28. Qxf4 Nxf4 29. Bd3 Rac8 $11 {SF16})
25... Nf4 (25... Qxf2 $19) (25... Rac8 26. Qe2 Qd4 27. Kg1 Nf4 28. Qd1 Qxd1 29.
Bxd1 Nd3 $19 {SF16}) 26. Qf3 $16 Ne6 (26... g5 27. Rbc1 Nd2 28. Qe3 Qxe3 29.
fxe3 (29. Rxe3 d4 $19) 29... Ne6 30. b3 $16 {SF16}) 27. Qf6 $18 Nf8 (27... Nxe5
28. Bxg6 Nxg6 29. Rxe6 Qc7 (29... fxe6 30. Qxg6+ Kf8 31. Re1 Re8 32. Re3 {SF16}
) 30. Rbe1 Qf4 31. Qxf4 Nxf4 32. Rxh6 $18) 28. Rbc1 (28. e6 $1 fxe6 29. Rxe6
Rd7 30. Bxg6 Rg7 31. Rc6 Qe7 32. Bf5 $18 {SF16}) 28... Qb6 (28... d4 29. e6
fxe6 30. Bxg6 Qg5 31. Bf7+ Kh7 32. Qxg5 hxg5 33. Bxe6 Nxe6 34. Rxe6 d3 35. Ne4
$18 {SF16}) 29. Qf4 (29. e6 $1 $18 {SF16}) 29... Kg7 30. Qg4 (30. b3 Na3 31.
Bd3 Rdc8 32. Qb4 Rxc1 33. Rxc1 Qxf2 34. Qxa3 $18 {SF16}) 30... Kh8 31. Qf4 Kg7
32. b3 Na5 33. Bb1 (33. Qg4 Rac8 (33... Ra7 34. f4 $18) 34. e6 $18 {SF16})
33... Rac8 34. Rxc8 Rxc8 35. Qg4 Rc7 36. Nh5+ $18 (36. e6 $18 {also}) 36... Kh8
37. Nf6 Qxf2 38. Qb4 (38. Re2 Qc5 39. Qh4 Qc1 40. Ne8 Kg8 41. Qf6 Ne6 42. Nxc7
Qxc7 43. Bxg6 $18 {Sf16}) 38... Ne6 39. Qxa5 Ng5 (39... Nf4 40. Rg1 Ne2 41. Re1
Nf4 42. Rg1 Ne2 43. Rd1 Qf4+ 44. Kh1 Ng3+ 45. Kg1 Ne2+ $11 {SF16}) (39... Rc1
40. Rxc1 Qf4+ 41. Kg1 Qxc1+ 42. Kh2 Qf4+ $11 {SF16}) 40. Kh1 Ne6 (40... Nf3 41.
Rd1 (41. gxf3 Qxf3+ $11) 41... Qe2 42. Rg1 Qf2 43. Rd1 Qe2 $11 {SF16}) 41. Nxd5
$18 (41. Rd1 Qe2 42. Qe1 $18 {SF16}) 41... Rd7 42. Be4 Ng5 43. Qb4 (43. Qc3 $18
) (43. e6 Nxe6 44. Bf3 Kg7 45. Rd1 Qb2 46. Qe1 $18 {SF16}) 43... Kg7 (43...
Nxe4 44. Qxe4 Rxd5 45. e6 fxe6 46. Qxe6 Kg7 $11 {SF16}) 44. Qc3 $18 Nxe4 45.
Rxe4 Rxd5 46. e6+ {the Engine is happy} Kh7 47. e7 Rd2 1-0

[Event "Shropshire Minor"]
[Site "Telford"]
[Date "2024.01.14"]
[Round "5.1"]
[White "Ou, Siyao"]
[Black "Jones, Andrew"]
[Result "0-1"]
[WhiteElo "1097"]
[BlackElo "1459"]
[Annotator "Van Kemenade, Rudy"]
[PlyCount "92"]
[EventDate "2024.01.12"]
[EventType "swiss"]
[EventRounds "5"]
[EventCountry "ENG"]
[SourceTitle "BritBase"]
[Source "John Saunders"]
[SourceDate "2024.04.05"]
[SourceVersion "1"]
[SourceVersionDate "2024.04.05"]
[SourceQuality "1"]

1. e4 c5 2. Nc3 Nc6 3. Nge2 d6 4. d4 cxd4 5. Nxd4 a6 6. Be3 Nf6 7. f3 e6 8. Qd2
Be7 9. O-O-O Bd7 10. a3 (10. g4 {main- 73% for Wh}) 10... Rc8 11. Qf2 (11. g4
$16 {yet 0-3}) 11... O-O (11... Ne5 12. Nb3 Nc4 13. Bxc4 Rxc4 14. Bb6 Qc8 15.
Na5 Rxc3 16. bxc3 Qxc3 17. Qe3 Qa1+ 18. Kd2 Qe5 19. Rb1 Ng4 {draw agreed ;
Karsokaite-Skerute, LTU ch Blind and visually impaired, Vilnius 2010,1/2-1/2}
20. Qe2 $16) 12. g4 Ne5 13. Qg3 b5 14. Kb1 (14. Qe1 Nc4 15. Bxc4 Rxc4 16. g5
Nh5 17. f4 b4 18. axb4 Rxb4 19. f5 Qb8 $11 {SF16- here it clearly means both
have equal chances , rather than a level position}) 14... Nc4 (14... Rxc3 $1 {
a typical exchange sacrifice in various versions of the Sicilian} 15. bxc3 Qa5
16. Nb3 Qxc3 17. Bd2 Qc6 $17 {SF16}) 15. Bc1 $2 (15. Bxc4 Rxc4 16. Na2 Qc7 17.
Rd2 Rc8 18. Qf2 a5 19. Rhd1 $11 {SF16}) 15... Nxa3+ $19 16. bxa3 Rxc3 17. Bd3
e5 18. Nb3 (18. Nf5 $5) 18... Be6 (18... a5) 19. Kb2 Qc7 20. Rhe1 (20. Bd2 b4
21. axb4 Rc8 $19 {SF16}) 20... Rc8 21. Qf2 Bxb3 (21... Nd7) 22. cxb3 d5 23. h3
Qa5 24. Ka2 Bxa3 (24... Rxc1 {also}) 25. Bxa3 b4 (25... Rxb3 $1 {mating-SF16})
26. Qb2 bxa3 (26... d4) 27. Qd2 Qb4 28. Re2 (28. Rb1 dxe4 29. fxe4 Rd8 30. Re3
h6 31. Qe2 a5 32. Rg3 Qc5 $19 {SF16}) 28... Qxb3+ 29. Ka1 a2 30. Ree1 Rb8 31.
Qxa2 Rxd3 32. Rxd3 Qxd3 33. Rb1 Rxb1+ 34. Qxb1 Qxb1+ 35. Kxb1 d4 (35... dxe4)
36. Kc2 a5 37. Kd3 a4 38. f4 exf4 39. Kxd4 a3 40. Ke5 f3 41. Kf4 f2 42. e5 Nd5+
43. Kg5 f1=Q 44. e6 fxe6 (44... Qf6+ 45. Kh5 Nf4#) 45. Kh5 Qxh3+ 46. Kg5 Qh6# {
Bl player was a joint winner of the Minor on 4.5} 0-1

[Event "Shropshire Minor"]
[Site "Telford"]
[Date "2024.01.14"]
[Round "5.2"]
[White "Viszokai, George"]
[Black "Brims, Alex"]
[Result "0-1"]
[WhiteElo "1436"]
[BlackElo "1433"]
[Annotator "Van Kemenade, Rudy"]
[PlyCount "12"]
[EventDate "2024.01.12"]
[EventType "swiss"]
[EventRounds "5"]
[EventCountry "ENG"]
[SourceTitle "BritBase"]
[Source "John Saunders"]
[SourceDate "2024.04.05"]
[SourceVersion "1"]
[SourceVersionDate "2024.04.05"]
[SourceQuality "1"]

1. e4 e5 2. Nf3 Nf6 3. Bc4 Nxe4 4. Nxe5 d5 5. Bb3 Qe7 (5... Qg5 {main} 6. O-O
Qxe5 7. d3 Bd6 8. g3 Ng5 $1 9. Re1 Nf3+ 10. Kf1 Bh3# {NN-Zukertort, 1862,0-1})
6. Nf3 (6. d4 $16 {but 2-1-9}) 6... Nc3+ (6... Ng3+ $1 {deprives Wh of the f1
square} 7. Ne5 Qxe5+ 8. Qe2 Qxe2# {SF16 Bl also won his second round game in 7
moves by winning the Q. This made the Bl player a joint winner of the Minor
with 4.5 points}) 0-1